The charisma effect : (Record no. 645)
[ view plain ]
| 000 -LEADER | |
|---|---|
| fixed length control field | nam a22 a 4500 |
| 003 - CONTROL NUMBER IDENTIFIER | |
| control field | AKMAL |
| 005 - DATE AND TIME OF LATEST TRANSACTION | |
| control field | 20170504142810.0 |
| 008 - FIXED-LENGTH DATA ELEMENTS--GENERAL INFORMATION | |
| fixed length control field | 1705 s2008 enka e 001 0 eng d |
| 020 ## - INTERNATIONAL STANDARD BOOK NUMBER | |
| International Standard Book Number | 9780273717218 (pbk.) : |
| Terms of availability | RM75.00 |
| 039 #9 - LEVEL OF BIBLIOGRAPHIC CONTROL AND CODING DETAIL [OBSOLETE] | |
| Level of rules in bibliographic description | 200908181225 |
| Level of effort used to assign nonsubject heading access points | ladduni |
| Level of effort used to assign subject headings | 200908061101 |
| Level of effort used to assign classification | zuraidahs |
| Level of effort used to assign subject headings | 200908041721 |
| Level of effort used to assign classification | marsila |
| 040 ## - CATALOGING SOURCE | |
| Original cataloging agency | AKMAL |
| Transcribing agency | AKMAL |
| 082 04 - DEWEY DECIMAL CLASSIFICATION NUMBER | |
| Classification number | 158.2 LEI |
| Edition number | 22 |
| 090 00 - LOCALLY ASSIGNED LC-TYPE CALL NUMBER (OCLC); LOCAL CALL NUMBER (RLIN) | |
| Classification number (OCLC) (R) ; Classification number, CALL (RLIN) (NR) | 158.2 |
| Local cutter number (OCLC) ; Book number/undivided call number, CALL (RLIN) | LEI |
| 100 1# - MAIN ENTRY--PERSONAL NAME | |
| Personal name | Leigh, Andrew |
| 9 (RLIN) | 1381 |
| 245 14 - TITLE STATEMENT | |
| Title | The charisma effect : |
| Remainder of title | how to make a powerful and lasting impression / |
| Statement of responsibility, etc. | Andrew Leigh |
| 260 ## - PUBLICATION, DISTRIBUTION, ETC. | |
| Place of publication, distribution, etc. | Harlow, England : |
| Name of publisher, distributor, etc. | Pearson Prentice Hall Life, |
| Date of publication, distribution, etc. | 2008 |
| 300 ## - PHYSICAL DESCRIPTION | |
| Extent | xxii, 231p. : |
| Other physical details | ill. ; |
| Dimensions | 22cm. |
| 500 ## - GENERAL NOTE | |
| General note | Includes index |
| 505 0# - FORMATTED CONTENTS NOTE | |
| Formatted contents note | Aim -- Fluency -- Confidence -- Presence -- Authenticity -- Courage -- Passion -- Demeanour -- Chemistry : the need for A-I-R -- Chemistry : attention -- Chemistry : interdependence -- Chemistry : rapport -- Using A-B-C in real life |
| 650 10 - SUBJECT ADDED ENTRY--TOPICAL TERM | |
| Topical term or geographic name entry element | Self-presentation |
| 9 (RLIN) | 1382 |
| 650 20 - SUBJECT ADDED ENTRY--TOPICAL TERM | |
| Topical term or geographic name entry element | Self-perception |
| 9 (RLIN) | 1383 |
| 650 20 - SUBJECT ADDED ENTRY--TOPICAL TERM | |
| Topical term or geographic name entry element | Interpersonal relations |
| 9 (RLIN) | 487 |
| 942 ## - ADDED ENTRY ELEMENTS (KOHA) | |
| Source of classification or shelving scheme | |
| Koha item type | Book |
| Withdrawn status | Lost status | Source of classification or shelving scheme | Damaged status | Not for loan | Collection code | Home library | Current library | Date acquired | Inventory number | Total Checkouts | Full call number | Barcode | Date last seen | Date last checked out | Price effective from | Koha item type |
|---|---|---|---|---|---|---|---|---|---|---|---|---|---|---|---|---|
| NON-FICTION | AKMAL Melaka | AKMAL Melaka | 04.05.2017 | 100601 | 1 | 158.2 LEI | 201701585 | 29.03.2023 | 27.03.2023 | 04.05.2017 | Book |
